| 000 | 00708nam a2200229 u 4500 | ||
|---|---|---|---|
| 005 | 20220905201651.0 | ||
| 008 | 100701s2008 r 000 0 eng d | ||
| 020 | _a8426110320 (10 dígitos) | ||
| 020 | _a9788426110329 (13 dígitos) | ||
| 035 | _aUPN01000177128 | ||
| 049 | _aCG | ||
| 050 | 4 |
_aDC203 _bL8.6 2008 |
|
| 100 | 1 |
_aLudwig, Emil, _d1881-1948 _930416 |
|
| 245 | 1 | 0 |
_aNapoleón / _cEmil Ludwig ; tr. José Fernández Z. |
| 250 | _a11a ed. | ||
| 260 |
_aBarcelona, Esp. : _bJuventud, _c2008. |
||
| 300 | _a582 p. | ||
| 440 | 0 |
_aLibros de bolsillo Z. _pBiografías |
|
| 600 | 0 | 0 |
_aNapoleón _bI, _cEmperador de Francia, _d1769-1821 _913104 |
| 651 | 4 |
_aFRANCIA - _xHISTORIA _914326 |
|
| 905 | _aLibro | ||
| 999 |
_c149231 _d149231 |
||